000 00272nam a22001097a 4500
999 _c532620
_d532620
082 _aA3 Se75 (H)
100 _aSethi, Keval Krishna
_959154
245 _aShikar aur Shikari
_cby Keval Krishna Sethi
260 _aBhopal
_bKevisa
300 _a126p.
650 _aFiction
_959155